Visualizzazione normale
Vista MARC
- Cajkovskij Petr Llijch
di Personal Name
Records bibliografici associati: 1
001 - CONTROL NUMBER
- control field: 17453
003 - CONTROL NUMBER IDENTIFIER
- control field: IT-RoPau
005 - DATE AND TIME OF LATEST TRANSACTION
- control field: 20140326215432.0
008 - FIXED-LENGTH DATA ELEMENTS
- fixed length control field: 140326|| aca||aabn | a|a d
040 ## - CATALOGING SOURCE
- Original cataloging agency: IT-RoPau
- Transcribing agency: IT-RoPau
100 ## - HEADING--PERSONAL NAME
- Personal name: Cajkovskij Petr Llijch
- Dates associated with a name: Codice autore musica SPICS: 10808
- Relator term: Autore musica
- Name of part/section of a work: Concerto n 1 per pf e orchestra, op 23 - Il lago dei cigni: tema
670 ## - SOURCE DATA FOUND
- Source citation: Work cat.: (IT-RoPau)99787: AA.VV. 794, Classic in tv con grande orchestra sinfonica